|
|
|
|
| LEADER |
00000nam a2200000 a 4500 |
| 001 |
48420 |
| 003 |
CZ-ZlUTB |
| 005 |
20190826001252.0 |
| 008 |
081127s2008 xr ad f 000 0 cze |
| 020 |
|
|
|a 9788073187651
|q (brož.)
|
| 040 |
|
|
|a ZLD002
|b cze
|
| 072 |
|
7 |
|a 37.016
|x Učební osnovy. Vyučovací předměty. Učebnice
|2 Konspekt
|9 22
|
| 080 |
|
|
|a 657.41/.45
|2 MRF
|
| 080 |
|
|
|a 336.76
|2 MRF
|
| 080 |
|
|
|a 330.322
|2 MRF
|
| 080 |
|
|
|a (075.8)
|2 MRF
|
| 100 |
1 |
|
|a Kráľ, Miloš,
|d 1952-
|7 jn20000919532
|4 aut
|
| 245 |
1 |
0 |
|a Fundamentální analýza :
|b studijní pomůcka pro distanční studium.
|n 1. díl /
|c Miloš Kráľ
|
| 250 |
|
|
|a 1. vyd.
|
| 260 |
|
|
|a Zlín :
|b Univerzita Tomáše Bati ve Zlíně,
|c 2008
|
| 300 |
|
|
|a 132 s. :
|b il. ;
|c 30 cm
|
| 500 |
|
|
|a Nad názvem: Univerzita Tomáše Bati ve Zlíně. Fakulta managementu a ekonomiky
|
| 504 |
|
|
|a Obsahuje bibliografické odkazy
|
| 650 |
0 |
7 |
|a finanční trhy
|7 ph114556
|2 czenas
|
| 650 |
0 |
7 |
|a finanční analýza
|7 ph120235
|2 czenas
|
| 650 |
0 |
7 |
|a finanční investování
|7 ph137283
|2 czenas
|
| 650 |
0 |
7 |
|a investice
|7 ph114790
|2 czenas
|
| 650 |
0 |
7 |
|a fundamentální analýza
|7 ph493992
|2 czenas
|
| 655 |
|
7 |
|a učebnice vysokých škol
|7 fd133772
|2 czenas
|
| 655 |
|
4 |
|a *vysokoškolská skripta
|
| 710 |
2 |
|
|a Univerzita Tomáše Bati ve Zlíně.
|b Fakulta managementu a ekonomiky
|7 kn20010709196
|
| 910 |
|
|
|a ZLD002
|
| 952 |
|
|
|0 0
|1 0
|4 0
|6 S3367KRÁĽM
|7 0
|8 BOOK
|9 89507
|a UTBZL
|b UTBZL
|c 030
|d 2008-12-19
|l 0
|o S336.7/KRÁĽ,M.
|p 420010120994
|r 2019-08-26 00:00:00
|v 185.00
|w 2019-08-26
|x N:nákup; | 20100831
|y 05
|
| 952 |
|
|
|0 0
|1 0
|4 0
|6 S3367KRÁĽM
|7 0
|8 BOOK
|9 89508
|a UTBZL
|b UTBZL
|c 006
|d 2008-12-19
|l 26
|m 4
|o S336.7/KRÁĽ,M.
|p 420010120995
|r 2024-05-24 00:00:00
|s 2024-03-13
|v 185.00
|w 2019-08-26
|x N:nákup;
|y 04
|
| 952 |
|
|
|0 0
|1 0
|4 0
|6 S3367KRÁĽM
|7 0
|8 BOOK
|9 89509
|a UTBZL
|b UTBZL
|c 006
|d 2008-12-19
|l 27
|m 2
|o S336.7/KRÁĽ,M.
|p 420010120996
|r 2022-07-01 00:00:00
|s 2022-05-17
|v 185.00
|w 2019-08-26
|x N:nákup;
|y 04
|
| 952 |
|
|
|0 0
|1 0
|4 0
|6 S3367KRÁĽM
|7 0
|8 BOOK
|9 89510
|a UTBZL
|b UTBZL
|c 006
|d 2008-12-19
|l 28
|m 4
|o S336.7/KRÁĽ,M.
|p 420010120997
|r 2021-05-28 00:00:00
|s 2021-01-04
|v 185.00
|w 2019-08-26
|x N:nákup; | 20100831
|y 04
|
| 992 |
|
|
|a BK
|b SK
|d 73
|
| 999 |
|
|
|c 48420
|d 48420
|